000 01207nam a2200241 a 4500
001 00004789
003 DO-SdBNP
005 20210831105918.0
008 181002s 2017 dr 000 0 spa d
020 _a9789945909814
040 _aDO-SdBNP
_bspa
_cBNPHU
082 _axx
_bxx
100 1 _aHintzen, Amelia
_972940
245 1 0 _aDe la masacre a la sentencia 168-13 :
_bapuntes para la historia de la segregación de los haitianos y sus descendientes en República Dominicana /
_cAmelia Hintzen ; traducción Ana Abreu y José Bencosme.
260 _aSanto Domingo :
_bFundación Juan Bosch,
_c2017.
300 _a154 p. ;
_c25 cm.
500 _aIncluye referencias bibliográficas y notas al pie de las páginas
505 0 _aUn velo de legalidad. La controvertida historia de la ideología antihaitiana bajo la dictadura de Trujillo -- Azúcar transnacional: migración laboral y relaciones domínico-haitianas -- Antihaitianismo, azúcar y ciudadanía -- Extranjeros en tránsito: la evolución histórica de las políticas migratorias en la República Dominicana
590 _aInventariado, 2018/VM
700 1 _aAbreuj, Ana
_etr.
_975458
700 1 _aBencosme, José
_etr.
_955026
942 _2ddc
_cLBS1
999 _c47384
_d47384